000 00782nam a22002537a 4500
001 3900
003 FISKH
005 20240524153610.0
008 240522b cb ||||| |||| 00| 0 eng d
040 _aFISK
_beng
_cFISK
_dFISK
050 _aPZ7.S1947
082 _a398.25
100 _aSan Souci . Robert D
_d1946-2014
245 _aDare to be scared /
_cRobert D. San Souci
260 _aNew York :
_bScholastic ,
_c2005
300 _a159 pages :
_billustration ;
_c20 cm
505 _aO
520 _aThirteen short stories about ghosts, monsters, spirits, and other scary creatures will give the reader thrills and chills.
521 8 _a850
_bLexile
521 8 _aO
_bRaz-Plus
700 _aRobert D. San Souci
942 _2ddc
_cBK
_n0
999 _c3900
_d3900